[Event "Gent (Women) op"]
[Site "Gent"]
[Date "2024.01.07"]
[Round "7"]
[White "Vincent, Ayla"]
[Black "Defour, Eline"]
[Result "1/2-1/2"]
[WhiteElo "1739"]
[BlackElo "1228"]
[PlyCount "35"]
[EventDate "2024.01.03"]
[EventType "swiss"]
[EventRounds "7"]
[EventCountry "BEL"]
[SourceTitle "CB09_2024"]
[SourceDate "2024.02.28"]
[SourceVersion "1"]
[SourceVersionDate "2024.02.28"]
[SourceQuality "1"]

1. e4 e5 2. Nf3 Nc6 3. d4 exd4 4. Bc4 Nf6 5. e5 Ng4 6. Bxf7+ Kxf7 7. Ng5+ Ke8 8. Qxg4 d6 9. e6 Qf6 10. 0-0 Be7 11. Re1 Rf8 12. Qe2 Qf5 13. Nf3 h6 14. Nbd2 Qxc2 15. Nh4 Ne5 16. Qh5+ Kd8 17. Nhf3 Nxf3+ 18. Nxf3 1/2-1/2

[Event "BEL-ch U18"]
[Site "Blankenberge"]
[Date "2015.04.18"]
[Round "9"]
[White "Terryn, Ezra"]
[Black "Vincent, Ayla"]
[Result "1/2-1/2"]
[WhiteElo "1833"]
[BlackElo "1640"]
[PlyCount "69"]
[EventDate "2015.04.12"]
[EventType "swiss"]
[EventRounds "9"]
[EventCountry "BEL"]
[SourceTitle "CBM 166 Extra"]
[Source "ChessBase"]
[SourceDate "2015.06.18"]
[SourceVersion "1"]
[SourceVersionDate "2015.06.18"]
[SourceQuality "1"]

1. e4 c5 2. d4 cxd4 3. c3 e5 4. cxd4 exd4 5. Bc4 Bb4+ 6. Bd2 Bxd2+ 7. Nxd2 Ne7 8. Ngf3 0-0 9. Ng5 h6 10. Ngf3 Nbc6 11. 0-0 d5 12. exd5 Nxd5 13. h3 Nb6 14. Bb5 Nb4 15. Qb3 N4d5 16. Nxd4 Bd7 17. Bd3 Nf4 18. N2f3 Ba4 19. Qc3 Rc8 20. Qd2 Nxd3 21. Qxd3 Qd5 22. b3 Bb5 23. Qxb5 Rc5 24. Qe2 Rfc8 25. Rad1 Qh5 26. Qe4 Nd5 27. Rd2 g5 28. Nf5 Nf6 29. Qd4 Rxf5 30. g4 Qxh3 31. gxf5 Qxf3 32. Qe3 Qg4+ 33. Qg3 Qxf5 34. Rfd1 Kg7 35. Qd6 1/2-1/2

[Event "EU-ch U16 Girls 23rd"]
[Site "Budva"]
[Date "2013.10.03"]
[Round "5"]
[White "Kakulidis, Ellen"]
[Black "Vincent, Ayla"]
[Result "1-0"]
[WhiteElo "1600"]
[BlackElo "1546"]
[PlyCount "45"]
[EventDate "2013.09.29"]
[EventType "swiss"]
[EventRounds "9"]
[EventCountry "MNE"]
[SourceTitle "EXT 2014"]
[Source "ChessBase"]
[SourceDate "2013.11.20"]
[SourceVersion "1"]
[SourceVersionDate "2013.11.20"]
[SourceQuality "1"]

1. d4 d6 2. c4 Nf6 3. Nc3 g6 4. Nf3 Bg7 5. g3 0-0 6. Bg2 Bd7 7. 0-0 c5 8. d5 e6 9. e4 exd5 10. cxd5 b5 11. e5 Ne8 12. e6 fxe6 13. dxe6 Bc6 14. Nd5 Qa5 15. Ne7+ Kh8 16. Nxc6 Nxc6 17. Ng5 Rc8 18. Bxc6 Rxc6 19. e7 Rf5 20. g4 Re5 21. Nf7+ Kg8 22. Nxe5 Bxe5 23. Qd5+ 1-0

[Event "EU-ch U16 Girls 23rd"]
[Site "Budva"]
[Date "2013.10.01"]
[Round "3"]
[White "Vincent, Ayla"]
[Black "Lingur, Zalina"]
[Result "0-1"]
[WhiteElo "1546"]
[BlackElo "2023"]
[PlyCount "100"]
[EventDate "2013.09.29"]
[EventType "swiss"]
[EventRounds "9"]
[EventCountry "MNE"]
[SourceTitle "EXT 2014"]
[Source "ChessBase"]
[SourceDate "2013.11.20"]
[SourceVersion "1"]
[SourceVersionDate "2013.11.20"]
[SourceQuality "1"]

1. e4 c5 2. Nf3 d6 3. d4 cxd4 4. Nxd4 Nf6 5. Nc3 a6 6. Be2 e5 7. Nb3 Be7 8. Be3 Be6 9. Nd5 Nxd5 10. exd5 Bf5 11. 0-0 0-0 12. Rc1 Nd7 13. c4 Bg5 14. Qd2 Bxe3 15. Qxe3 b6 16. Nd2 a5 17. Ne4 Nc5 18. Ng3 Bd7 19. Ne4 Qe7 20. f3 f5 21. Nxc5 bxc5 22. Rce1 f4 23. Qd2 Qh4 24. Bd3 Rf6 25. Qf2 Qh5 26. h3 Rh6 27. Bc2 Qg5 28. Kh2 Rf8 29. Rg1 Qh5 30. Qf1 Rhf6 31. Rh1 Qg5 32. Kg1 Rh6 33. Kf2 Rb8 34. b3 Rb4 35. Ke2 Rf6 36. Kd2 Rf8 37. Rg1 Rfb8 38. Qd3 g6 39. Qc3 Bf5 40. Rb1 Qg3 41. Ke2 a4 42. Qd2 axb3 43. Rxb3 Bxh3 44. Qe1 Qxe1+ 45. Kxe1 Bf5 46. Kd2 Bxc2 47. Kxc2 Rxc4+ 48. Kb2 Rxb3+ 49. Kxb3 Rb4+ 50. Kc3 Kf7 0-1

[Event "Maastricht Limburg op-C 4th"]
[Site "Maastricht"]
[Date "2010.05.24"]
[Round "6"]
[White "Heuts, Guido"]
[Black "Vincent, Ayla"]
[Result "1-0"]
[WhiteElo "1450"]
[BlackElo "1096"]
[PlyCount "81"]
[EventDate "2010.05.21"]
[EventType "swiss"]
[EventRounds "7"]
[EventCountry "NED"]
[SourceTitle "EXT 2011"]
[Source "ChessBase"]
[SourceDate "2010.11.26"]
[SourceVersion "1"]
[SourceVersionDate "2010.11.26"]
[SourceQuality "1"]

1. d4 Nf6 2. c4 d5 3. Nc3 Bf5 4. Bf4 Nc6 5. Nf3 e6 6. e3 Bb4 7. Be2 Ne4 8. Rc1 0-0 9. a3 Ba5 10. b4 Nxb4 11. axb4 Bxb4 12. Qb3 a5 13. 0-0 Bxc3 14. Rxc3 Nxc3 15. Qxc3 Qe7 16. cxd5 exd5 17. Bg5 Qb4 18. Qxc7 a4 19. Be7 Qb2 20. Bxf8 Rxf8 21. Re1 a3 22. Qc1 Rc8 23. Qa1 Rb8 24. Ne5 h6 25. Bd3 Bxd3 26. Nxd3 Qd2 27. Rd1 Qa5 28. h3 b5 29. Rb1 b4 30. Rb3 Qa4 31. Qa2 Rc8 32. Nc5 Qb5 33. f3 Kh7 34. Kf2 Kg6 35. Kg3 Kg5 36. h4+ Kf5 37. e4+ dxe4 38. fxe4+ Kf6 39. Kf3 Qf1+ 40. Kg3 Qc4 41. Rf3+ 1-0